Bilecik Bilecik Bilecik Bilecik Bilecik

Hikayeler II (1884-1885): İstiridye/ (Record no. 34455)

MARC details
000 -BAŞLIK
Sabit Uzunluktaki Kontrol Alanı 00971nam a22003137a 4500
001 - KONTROL NUMARASI
Control Dosyası 0034545
003 - KONTROL NUMARASI KİMLİĞİ
Kontrol Alanı KOHA_MİRAKIL
005 - EN SON İŞLEM TARİHİ ve ZAMANI
Kontrol Alanı 20260207002921.0
007 - FİZİKSEL TANIM SABİT ALAN - GENEL BİLGİ
Sabit uzunluklu kontrol alanı ta
008 - SABİT UZUNLUKTAKİ VERİ ÖGELERİ - GENEL BİLGİ
Sabit Alan 111226b1966 tu |||gr||||#||||1|tur |
040 ## - KATALOGLAMA KAYNAĞI
Özgün Kataloglama Kurumu TR-BiSEU
Kataloglama Dili tur
Çeviri Kurumu TR-BiSEU
Açıklama Kuralları rda
041 0# - DİL KODU
Metin ya da ses kaydının dil kodu tur
044 ## - YAYINLAYAN/ÜRETEN KURULUŞUN ÜLKE KODU
ISO country code tu
050 ## - SINIFLAMA ve YER NUMARASI
Sınıflama Numarası PG3457
Yer Numarası .C44 1966
100 1# - KİŞİ ADI
Yazar Adı (Kişi adı) Çehov, Anton.
245 1# - ESER ADI BİLDİRİMİ
Başlık Hikayeler II (1884-1885): İstiridye/
Sorumluluk Bildirimi Anton Çehov ; Anton Çehov ; çev.: Servet Lünel.
264 #1 - ÜRERİM, YAYIN, DAĞITIM ve TELİF BİLDİRİMİ
Yayın yeri Ankara :
Yayınlayan Milli Eğitim Bakanlığı
Yayın tarihi 1966
300 ## - FİZİKSEL TANIMLAMA
Sayfa, Cilt vb. 212 s. ;
Boyutları 18 cm.
336 ## - İÇERİK TÜRÜ
Content type term metin
Content type code txt
Source rdacontent
337 ## - MEDYA TÜRÜ
Media type term aracısız
Media type code n
Source rdamedia
338 ## - TAŞIYICI TÜRÜ
Carrier type term cilt
Carrier type code nc
Source rdacarrier
490 1# - DİZİ BİLDİRİMİ
Dizi Bildirimi Milli Eğitim Bakanlığı .
490 1# - DİZİ BİLDİRİMİ
Dizi Bildirimi Rus Klâsikleri ;
Cilt Numarası 47
650 #0 - KONU BAŞLIĞI EK GİRİŞ - KONU TERİMİ
Konusal terim veya coğrafi ad Rus edebiaytı--hikaye.
9 (RLIN) 66635
650 #0 - KONU BAŞLIĞI EK GİRİŞ - KONU TERİMİ
Konusal terim veya coğrafi ad Russian edebiaytı--story.
9 (RLIN) 66636
830 1# - SERİ EK GİRİŞİ - TEKBİÇİM ESER ADI
Tekbiçim Başlık Milli Eğitim Bakanlığı .
9 (RLIN) 25055
830 1# - SERİ EK GİRİŞİ - TEKBİÇİM ESER ADI
Tekbiçim Başlık Rus Klâsikleri ;
Volume number/sequential designation 47
9 (RLIN) 66637
942 ## - EK GİRİŞ ÖGELERİ (KOHA)
Source of classification or shelving scheme Library of Congress Classification
Koha item type Book
Holdings
Materyal Türü Kalıcı Konum Mevcut Konum Raf Yeri Sınıflandırma Kaynağı Edinim Bilgisi Ana Konular Alt Konular Yer Numarası Demirbaş Numarası Fatura Tarihi Geri Çekilme Durumu Kayıp Durumu Hasarlı Durumu Kredi için değil Kayıt Tarih Toplam Ödünçverme Son Görülme Tarihi Son Kontrol Tarihi Genel / Bağış Notu
Book Prof. Dr. Azmi Özcan Kütüphanesi Prof. Dr. Azmi Özcan Kütüphanesi Birûni Salonu Library of Congress Classification Bağış DİL VE EDEBİYAT Slav Dilleri, Baltık Dilleri, Arnavutça PG3457 .C44 1966 0034545 02/02/2026         26/12/2011   05/12/2024 05/12/2024 Genel Bağış